Vnútropodnikové smernice. Oceňovanie majetku a záväzkov v účtovníctve

Obsah smernice s komentármi.

Uložené v:
Podrobná bibliografia
Hlavný autor: Meluchová, Jitka, 1965-
Médium: Kapitola
Jazyk:Slovak
Predmet:
Tagy: Pridať tag
Žiadne tagy, Buďte prvý, kto otaguje tento záznam!

MARC

LEADER 00000nla$a2200000$$$4500
001 0051265
005 20240502071609.7
041 0 |a slo 
044 |a SK 
245 1 0 |a Vnútropodnikové smernice. Oceňovanie majetku a záväzkov v účtovníctve  |c Jitka Meluchová 
520 |a Obsah smernice s komentármi. 
610 2 0 |a účtovníctvo vnútropodnikové 
610 2 0 |a smernice 
610 2 0 |a oceňovanie 
610 2 0 |a majetok 
610 2 0 |a záväzky 
100 1 |a Meluchová, Jitka, 1965-